| 000 | 00544nam a2200181Ia 4500 | ||
|---|---|---|---|
| 003 | GCL | ||
| 008 | 140319s9999 xx 000 0 eng d | ||
| 040 |
_aGCL / _cGCL |
||
| 082 | 0 | 4 |
_a364.1323 _bH P |
| 100 | 1 | _aHEIDENHEIMER, ARNOLD | |
| 245 | 1 | 0 |
_aPOLITICAL CORRUPTION: READINGS IN COMPARATIVE ANALYSIS / _cHEIDENHEIMER, ARNOLD |
| 260 |
_a[S.N] : _bHOLT, RINEHART AND WINSTON, INC ، _c1970 |
||
| 650 | 0 | 4 | _aBUREAUCRACY |
| 650 | 0 | 4 | _aPOLITICAL CORRUPTION |
| 650 | 0 | 4 | _aPOLITICAL BEHAVIOR |
| 650 | 0 | 4 | _aCOMPARATIVE ANALYSIS |
| 942 |
_2ddc _cBK |
||
| 999 |
_c20738 _d20738 |
||